Statistics for FourFourTwo: 50 лучших футболистов Реал Мадрид

Click here to take the quiz!

General Stats

  • This quiz has been taken 209 times
  • The average score is 14 of 50

Answer Stats

СтранаИгрок% Correct
1ПортугалияКриштиану Роналду
95%
11ХорватияЛука Модрич
88%
4ИспанияСерхио Рамос
83%
3ФранцияЗинедин Зидан
81%
22БразилияРоналдо
77%
13ФранцияКарим Бензема
73%
5ИспанияИкер Касильяс
71%
9ВенгрияФеренц Пушкаш
65%
2Аргентина / ИспанияАльфредо Ди Стефано
63%
10ПортугалияЛуиш Фигу
57%
30УэльсГарет Бэйл
56%
32БразилияМарсело
54%
7ИспанияРауль
51%
17БразилияРоберто Карлос
48%
41ПортугалияПепе
47%
27ГерманияТони Кроос
45%
49ФранцияРафаэль Варан
37%
38АргентинаАнхель Ди Мария
36%
43АнглияДэвид Бекхэм
34%
50ГерманияМесут Озил
33%
29ИспанияМаноло Санчес
26%
14МексикаУго Санчес
26%
48ИспанияГути
20%
24ФранцияКлод Макелеле
18%
8ИспанияСантьяго Бернабеу
16%
6ИспанияФрансиско "Пако" Хенто
11%
45ИспанияФернандо Морьентес
11%
16ИспанияРикардо Самора
10%
12ФранцияРаймон Копа
10%
19ЧилиИван Саморано
9%
18ИспанияЭмилио Бутрагеньо
9%
46АнглияСтив Макманаман
9%
42ЮгославияПредраг Миятович
8%
21ИспанияРафаэль Мартин Васкес
7%
33АргентинаФернандо Редондо
7%
34ИспанияАмансио Амаро
4%
20ИспанияВисенте Дель Боске
2%
37ИспанияЧендо
2%
39ИспанияХасинто Кинкосес
2%
31ИспанияХосе Антонио Камачо
2%
28ИспанияМигель Муньос
2%
15ИспанияПирри
2%
47ИспанияХуанито
1%
36ИспанияИгнасио Соко
1%
44ИспанияХосе Мария Саррага
1%
40ИспанияРафаэль Гордильо
1%
35ИспанияЭктор Риаль
1%
25Уругвай / ИспанияХосе Сантамария
1%
23ИспанияСантильяна
1%
26ИспанияМаркитос
1%

Score Distribution

Percentile by Number Answered

Percent of People with Each Score

Your Score History

You have not taken this quiz